000 00349nam a2200157Ia 4500
003 Ost
005 20260225132552.0
008 260225s9999||||xx |||||||||||||| ||und||
040 _cfsic
041 _afre
082 _a440
100 _aHafid Gafaiti
_eAuteur
245 0 _aFéminisme et idiologie /
245 0 _cHafid Gafaiti
942 _cكتاب
999 _c34234
_d34234